书目信息 |
| 题名: |
张琪玉索引学文集
|
|
| 作者: | 张琪玉 著 | |
| 分册: | ||
| 出版信息: | 北京 国家图书馆出版社 2009.06 |
|
| 页数: | 250页 | |
| 开本: | 24cm | |
| 丛书名: | ||
| 单 册: | ||
| 中图分类: | G353.21 | |
| 科图分类: | ||
| 主题词: | 索引--suo yin--理论--文集 | |
| 电子资源: | ||
| ISBN: | 978-7-5013-4052-1 | |
| 000 | 01134nam0 2200241 450 | |
| 001 | 012009414250 | |
| 005 | 20091227091801.06 | |
| 010 | @a978-7-5013-4052-1@dCNY50.00 | |
| 100 | @a20091227d2009 em y0chiy0120 ea | |
| 101 | 0 | @achi |
| 102 | @aCN@b110000 | |
| 105 | @ay z 000yy | |
| 106 | @ar | |
| 200 | 1 | @a张琪玉索引学文集@Azhang qi yu suo yin xue wen ji@f张琪玉著@Fzhang qi yu zhu |
| 210 | @a北京@c国家图书馆出版社@d2009.06 | |
| 215 | @a250页@d24cm | |
| 314 | @a张琪玉 中国图书馆学家。1930年6月7日生于江苏南汇县(今属上海市)。1954年毕业于北京大学图书馆学系。 | |
| 330 | @a本文集主要收录了作者结合中国索引学会的活动和从事《中国索引》的编辑工作所写的部分文章共83篇,内容述及索引学理论,中国索引事业历史、现状和发展趋势,索引事业组织,索引工作者职业,索引学会活动,索引功用、结构和设计,索引计算机化和标准化,索引分类,各种类型索引的特点和编制方法要点,索引标引,索引数据库、各种重要索引和数据库的评论以及各种索引有关问题的讨论等,范围广泛,内容新颖。 | |
| 606 | 0 | @a索引@Asuo yin@x理论@j文集 |
| 690 | @aG353.21@v4 | |
| 701 | 0 | @a张琪玉@Azhang qi yu@4著 |
| 801 | 0 | @aCN@bQSSK@c20091227 |
| 905 | @b768726-27@dG353.21@eZ158@f2 | |
| 张琪玉索引学文集/张琪玉著.-北京:国家图书馆出版社,2009.06 |
| 250页;24cm |
| ISBN 978-7-5013-4052-1:CNY50.00 |
| 本文集主要收录了作者结合中国索引学会的活动和从事《中国索引》的编辑工作所写的部分文章共83篇,内容述及索引学理论,中国索引事业历史、现状和发展趋势,索引事业组织,索引工作者职业,索引学会活动,索引功用、结构和设计,索引计算机化和标准化,索引分类,各种类型索引的特点和编制方法要点,索引标引,索引数据库、各种重要索引和数据库的评论以及各种索引有关问题的讨论等,范围广泛,内容新颖。 |
| ● |
| 相关链接 |
|
|
|
正题名:张琪玉索引学文集
索取号:G353.21/Z158
 
预约/预借
| 序号 | 登录号 | 条形码 | 馆藏地/架位号 | 状态 | 备注 |
| 1 | 768726 | 207687261 | 社科库409/409社科库 120排3列6层/ [索取号:G353.21/Z158] | 在馆 | |
| 2 | 768727 | 207687270 | 社科库409/409社科库 120排3列6层/ [索取号:G353.21/Z158] | 在馆 |